¿Quién conoce a Greta Garbo? /

Saved in:
Format: Book
Published: Bogotá : Grupo Norma, 2000.
LEADER 00312nam a22001097a 4500
003 AR-BeUNQ
005 20251127165853.0
999 |c 39806  |d 123606 
245 |a ¿Quién conoce a Greta Garbo? /  |c Norma Huidobro. 
260 |a Bogotá :  |b Grupo Norma,  |c 2000. 
929 |a DONACION  |b Emilce Barraza  |e 20251003  |f PAT0084625  |g 3920  |o PR 
942 |c LIB